000 01018cab a2200253 4500
001 ABS47961
008 090401t1993 xxu||||| |||| 00| 0 eng d
035 _a(Sirsi) u64214
041 _aeng
100 _aPowell-Smith, V.
245 _aBig guns back arbitration
260 _c1993
350 _a0
490 _aContract Journal
_v366(5911) 11 February 1993, 8(1)
520 _a"Channel Tunnel Group Ltd v Balfour Beatty Construction Ltd" establishes three principles for the conduct of construction arbitration cases, particularly where the hearing is held overseas. Powell-Smith extracts the key points from the judgement of a highly complicated case.
650 _aARBITRATION ACT 1950
650 _aARBITRATION ACT 1975
650 _aBUILT ENVIRONMENT-BUILDING CONTRACT FORMS
650 _aCONSTRUCTION ARBITRATIONS
650 _aINJUNCTIONS
690 _aMANAGEMENT-DISPUTE AVOIDANCE, MANAGEMENT AND RESOLUTION-DISPUTE MANAGEMENT AND RESOLUTION-ARBITRATION
942 _n0
948 _c04/03/1997
999 _c39979
_d39979